Audit, jeho podstata, ciele a metódy habilitačná práca
Guardado en:
| Autor principal: | |
|---|---|
| Autor Corporativo: | |
| Formato: | Libro |
| Lenguaje: | eslovaco |
| Publicado: |
Bratislava
2004
|
| Materias: | |
| Etiquetas: |
Sin Etiquetas, Sea el primero en etiquetar este registro!
|
MARC
| LEADER | 00000nam$a2200000$$$4500 | ||
|---|---|---|---|
| 001 | 0036638 | ||
| 005 | 20250509105521.2 | ||
| 041 | 0 | |a slo | |
| 044 | |a SK | ||
| 245 | 1 | 0 | |a Audit, jeho podstata, ciele a metódy |b habilitačná práca |c Ladislav Kareš |
| 264 | 1 | |a Bratislava |c 2004 | |
| 300 | |a 172 s. | ||
| 610 | 2 | 0 | |a audítorstvo |
| 610 | 2 | 0 | |a audítori |
| 610 | 2 | 0 | |a úpravy právne |
| 610 | 2 | 0 | |a Slovensko |
| 100 | 1 | |a Kareš, Ladislav | |
| 710 | 2 | |a Fakulta hospodárskej informatiky EU. Katedra účtovníctva | |